000 00794nam a2200181 a 4500
008 120416s1995 xx |||||||||||||| || u
020 _a0750695005
050 _aQA 76.76.D47 Kli
100 _aKline, Kevin E
245 1 0 _aOracle's cooperative development environment: a reference and user's guide
260 _c1995
300 _aDatamation book series
350 _a0.00
650 0 _aCOMPUTER SOFTWARE--DEVELOPMENT
650 _aORACLE (COMPUTER FILE)
995 _D0.00
_FCBU-MAIN LIBRARY (Kitwe)
_H1
_I14.95
_M1
_UAVAILABLE
_ZMain Library Open Access Collection
995 _D0.00
_FCBU-MAIN LIBRARY (Kitwe)
_H2
_I14.95
_M2
_UAVAILABLE
_ZMain Library Open Access Collection
999 _c81621
_d81621